Culture Générale - Série 127 - Statistiques

Statistiques générales
  • Ce quiz a été pris 443 fois
  • Le résultat moyen est 7 sur 10
Statistiques - réponses
Question Réponse % Correct
Comment se prénomme le mari D.J. de Cathy Guetta ? David
95%
Dans notre système solaire, quelle planète est la plus proche du Soleil ? Mercure
88%
Quel est le suffixe d'une adresse e-mail située en Belgique ? be
87%
Avec le fleuret et l'épée, quelle est la troisième arme de l'escrime ? Sabre
82%
Dans quel pays se trouvent les ruines de la ville de Troie ? Turquie
75%
Que faut-il tirer pour entrer chez la Mère-Grand du Petit Chaperon rouge ? Chevillette
65%
Dans quel sport s'est illustrée Chris Evert ? Tennis
65%
Dans quel pays se déroule l'action du film "Lost in Translation" ? Japon
44%
En 1975, quel prestidigitateur animait l'émission "Y a un truc" ? Gérard Majax
39%
En quel animal Zeus transforma-t-il sa maîtresse Io ? Génisse
37%
Aucun quiz correspondant
Distribution des résultats
% des personnes avec chaque résultat
Percentile par nombre de réponses
Votre historique - résultats
Vous n’avez pas pris ce quiz